Culture Générale - Série 2447 - Statistiques

Statistiques générales
  • Ce quiz a été pris 160 fois
  • Le résultat moyen est 5 sur 10
Statistiques - réponses
Question Réponse % Correct
Dans quelle ville Anne Frank a-t-elle écrit son journal de 1942 à 1944 ? Amsterdam
76%
Quelle était le prénom de la pédiatre et psychanalyste française, mère du chanteur Jean-Chrysostome Dolto, plus connu sous son nom de scène Carlos ? Françoise
76%
Comment se prénommait la soeur, sculptrice, de Paul Claudel ? Camille
74%
En quelle année fut votée en France la loi sur les associations ? 1901
72%
Quel personnage représente la statue en pierre datant de 1856, et que l'on peut voir sous le pont de l'Alma qui enjambe la Seine ? zouave
49%
Quel quotidien français Jean-Paul Sartre a-t-il fondé dans les années 1970 ? Libération
43%
Quelle ville du Pas-de-Calais est surtout connue pour la bataille qui s'est déroulée sur son territoire le 25 octobre 1415 pendant la guerre de Cent Ans et qui a débouché sur une défaite catastrophique des Français face aux Anglais ? voir photo Azincourt
38%
Quel aviateur français a réussi la toute première traversée de la mer Méditerranée le 23 septembre 1913 à bord d'un monoplan. prénom et nom Roland Garros
31%
Dans un jeu de cartes, comment s'appelle le valet de pique ? Ogier
3%
Adjectif de 10 lettres commençant par " f " signifiant "qui tire sur le jaune, le blond" ? flavescent
2%
Aucun quiz correspondant
Distribution des résultats
% des personnes avec chaque résultat
Percentile par nombre de réponses
Votre historique - résultats
Vous n’avez pas pris ce quiz